Путешествие Волнея в Сирию и Египет, бывшее в 1783, 1784, 1785 годах, // Ч.2 (Запись № 9709633)
[ простой вид ]
| 000 -МАРКЕР | |
|---|---|
| контрольное поле | 02563nam1a22003971 4500 |
| 001 - ИДЕНТИФИКАТОР ЗАПИСИ | |
| контрольное поле | RU\NLR\A1\33114 |
| 005 - ИДЕНТИФИКАТОР ВЕРСИИ | |
| контрольное поле | 20251203152403.2 |
| 035 ## - ДРУГИЕ СИСТЕМНЫЕ НОМЕРА | |
| Идентификатор записи | (NLR Aleph) 009683255 |
| 100 ## - ДАННЫЕ ОБЩЕЙ ОБРАБОТКИ | |
| Данные общей обработки | 20020211d1795 u y0rusy50 ca |
| 101 1# - ЯЗЫК РЕСУРСА | |
| Язык текста, звукозаписи и т.д. | русский |
| Язык промежуточного перевода | немецкий |
| Язык оригинала | французский |
| 102 ## - СТРАНА ПУБЛИКАЦИИ ИЛИ ПРОИЗВОДСТВА | |
| Страна публикации | Российская Федерация |
| 200 1# - ЗАГЛАВИЕ И СВЕДЕНИЯ ОБ ОТВЕТСТВЕННОСТИ | |
| Основное заглавие | Путешествие Волнея в Сирию и Египет, бывшее в 1783, 1784, 1785 годах, |
| Сведения, относящиеся к заглавию | Переведено с французскаго на немецкой, с немецкаго же на российской язык |
| -- | С кунштами и географическими картами |
| Первые сведения об ответственности | [Пер.] Н.М. |
| 210 ## - ПУБЛИКАЦИЯ, РАСПРОСТРАНЕНИЕ И ДР. | |
| Место издания, распространения и т.д. | М. |
| Имя издателя, распространителя и т. д. | Унив. тип., у Ридигера и Клаудия |
| Дата издания, распространения и т.д. | 1795 |
| 215 ## - ФИЗИЧЕСКАЯ ХАРАКТЕРИСТИКА | |
| Размеры | 8° |
| 305 ## - ПРИМЕЧАНИЯ О ДАТЕ ОСНОВАНИЯ ИЗДАНИЯ | |
| Текст примечания | Титул. изд. кн. 1791-1793 гг. |
| 314 ## - ПРИМЕЧАНИЯ, ОТНОСЯЩИЕСЯ К СВЕДЕНИЯМ ОБ ИНТЕЛЛЕКТУАЛЬНОЙ ОТВЕТСТВЕННОСТИ | |
| Текст примечания | Пер. Николая Маркова |
| 321 1# - ПРИМЕЧАНИЯ ОБ ОТДЕЛЬНО ИЗДАННЫХ УКАЗАТЕЛЯХ / РЕФЕРАТАХ / ССЫЛКАХ, ОТРАЖАЮЩИХ КАТАЛОГИЗИРУЕМЫЙ ДОКУМЕНТ | |
| Примечания об указателях, рефератах, ссылках | СК XVIII. Доп. 25 |
| 451 #1 - ДРУГОЕ ИЗДАНИЕ [КАТАЛОГИЗИРУЕМОГО ДОКУМЕНТА] НА АНАЛОГИЧНОМ НОСИТЕЛЕ | |
| Встроенное поле | 001RU\NLR\A1\2359 |
| -- | 2001#$aПутешествие Волнея в Сирию и Египет, бывшее в 1783, 1784 и 1785 годах$fПеревод с немецкаго [Николая Маркова]$gСамый же подлинник на французском языке$gС присовокуплением географических карт и кунштов |
| -- | 700#1$6z01700$6z03790$aВольней$bК.Ф.$f1757-1820$gКонстантен Франсуа$4070 |
| -- | 700#1$6z01700$aVolney$bC.F.$gConstantin François |
| Системный номер (АБИС) связанной записи | 9667617 |
| Автор | Вольней, К. Ф. (1757-1820) |
| Место публикации | Печатано в Москве |
| Дата публикации | 1791-1793 |
| Первые сведения об ответственности | Перевод с немецкаго [Николая Маркова] |
| Имя издателя, распространителя и т.д. | иждивением Никиты Водопьянова |
| Заглавие | Путешествие Волнея в Сирию и Египет, бывшее в 1783, 1784 и 1785 годах |
| 463 #0 - УРОВЕНЬ ФИЗИЧЕСКОЙ ЕДИНИЦЫ | |
| Встроенное поле | 001RU\NLR\A1\33115 |
| -- | 2000#$aЧ.2 |
| Системный номер (АБИС) связанной записи | 13476150 |
| Физическая характеристика | IV, 682 с., 4 л. ил., к. |
| Заглавие | Ч.2 |
| 620 ## - МЕСТО И ДАТА ПУБЛИКАЦИИ, ИСПОЛНЕНИЯ И Т. Д. | |
| Город | Москва |
| 700 #1 - ИМЯ ЛИЦА - ПЕРВИЧНАЯ ОТВЕТСТВЕННОСТЬ | |
| Связь между полями | z02790 |
| Начальный элемент ввода | Вольней |
| Часть имени, кроме начального элемента ввода | К.Ф. |
| Даты | 1757-1820 |
| Расширение инициалов личного имени | Константен Франсуа |
| Код отношения | Автор |
| 700 #1 - ИМЯ ЛИЦА - ПЕРВИЧНАЯ ОТВЕТСТВЕННОСТЬ | |
| Начальный элемент ввода | Volney |
| Часть имени, кроме начального элемента ввода | C.F. |
| Расширение инициалов личного имени | Constantin François |
| 702 #1 - ИМЯ ЛИЦА - ВТОРИЧНАЯ ОТВЕТСТВЕННОСТЬ | |
| Связь между полями | z01790 |
| Начальный элемент ввода | Марков |
| Часть имени, кроме начального элемента ввода | Н. |
| Расширение инициалов личного имени | Николай |
| Код отношения | Переводчик |
| 702 #1 - ИМЯ ЛИЦА - ВТОРИЧНАЯ ОТВЕТСТВЕННОСТЬ | |
| Начальный элемент ввода | Ридигер |
| Часть имени, кроме начального элемента ввода | Х. |
| Расширение инициалов личного имени | Христиан |
| Код отношения | Печатник (типограф) |
| 702 #1 - ИМЯ ЛИЦА - ВТОРИЧНАЯ ОТВЕТСТВЕННОСТЬ | |
| Начальный элемент ввода | Клаудий |
| Часть имени, кроме начального элемента ввода | Х.А. |
| Даты | -1805 |
| Расширение инициалов личного имени | Христофор Александрович |
| Код отношения | Печатник (типограф) |
| 712 02 - НАИМЕНОВАНИЕ ОРГАНИЗАЦИИ - ВТОРИЧНАЯ ОТВЕТСТВЕННОСТЬ | |
| Начальный элемент ввода | Московский университет |
| Структурное подразделение | Типография |
| Код отношения | Печатник (типограф) |
| 790 #0 - ИМЯ ЛИЦА - АЛЬТЕРНАТИВНАЯ ФОРМА | |
| Связь между полями | z01702 |
| Начальный элемент ввода | Н.М. |
| 790 #1 - ИМЯ ЛИЦА - АЛЬТЕРНАТИВНАЯ ФОРМА | |
| Связь между полями | z02700 |
| Начальный элемент ввода | Волней |
| Код отношения | Автор |
| 801 #0 - ИСТОЧНИК ЗАПИСИ | |
| Страна | Российская Федерация |
| Организация | NLR |
| Дата составления | 20020211 |
| 899 ## - ДАННЫЕ О МЕСТОНАХОЖДЕНИИ (устаревшее) | |
| Местонахождение | РГБ |
| 899 ## - ДАННЫЕ О МЕСТОНАХОЖДЕНИИ (устаревшее) | |
| Местонахождение | РГБ |
| 942 ## - ДОПОЛНИТЕЛЬНЫЕ ЭЛЕМЕНТЫ ЗАПИСИ (АБИС) | |
| Тип экземпляра АБИС | Книга |
| 980 ## - КОЛЛЕКЦИЯ | |
| Название коллекции | Национальная библиография |
| 980 ## - КОЛЛЕКЦИЯ | |
| Название коллекции | Русская книга гражданской печати XVIII в. в библиотеках РФ |
Нет доступных экземпляров.